Capitales contenant la lettre D - Statistiques

Statistiques générales
  • Ce quiz a été pris 1 298 fois
    1 210 depuis la dernière actualisation
  • Le résultat moyen est 26 sur 41
Statistiques - réponses
Afrique % Correct
Dublin
89%
Madrid
81%
Dacca
80%
Budapest
77%
Londres
75%
Dakar
74%
Andorre-la-Vieille
72%
Damas
72%
Djibouti
72%
Doha
72%
Amsterdam
71%
Bagdad
71%
Podgorica
71%
Douchanbé
70%
Montevideo
70%
Addis-Abeba
69%
Belgrade
69%
New Delhi
69%
Dodoma
68%
Abou Dabi
67%
Dili
66%
Vaduz
66%
Djouba
61%
Islamabad
61%
Saint-Domingue
61%
N'Djaména
60%
Mogadiscio
57%
Riyad
57%
Yaoundé
57%
Katmandou
56%
Bridgetown
54%
Ouagadougou
54%
Port-d'Espagne
54%
Bandar Seri Begawan
53%
Luanda
51%
San Salvador
49%
Windhoek
46%
Ngerulmud
45%
Naypyidaw
40%
Sri Jayawardenapura Kotte
39%
Tarawa-Sud
28%
Aucun quiz correspondant
Distribution des résultats
% des personnes avec chaque résultat
Percentile par nombre de réponses
Votre historique - résultats
Vous n’avez pas pris ce quiz depuis la dernière actualisation